000 01688nam0a22003131 4500
001 rc\3180573
005 20260406110955.0
021 _aRU
_b[75-29362]
035 _a(NLR Aleph) 007347157
090 _a6170578
_c6170578
100 _a20120628d1975 |||y0rusy50 ca
101 0 _arus
_aeng
102 _aRU
105 _aab z |||||
200 1 _aПутеводитель экскурсии по Донецкому бассейну
_fМ-во геологии УССР. [Постоянный междунар. ком. конгрессов по стратиграфии и геологии карбона АН СССР и др. VIII Междунар. конгресс по стратиграфии и геологии карбона. Москва. 1975]
210 _aМосква
_cНаука
_d1975
215 _a33 с.
_cсхем., карт.
_d22
300 _aТекст парал. на рус. и англ. яз.
300 _aЗагл. также на англ. яз.: Field excursion guidebook for the donets basin
320 _aСписок лит.: с. 141
517 0 _aField excursion guidebook for the donets basin
606 _aГеологические экскурсии
_yДонецкий угольный бассейн
_jПутеводители
_2psbo
606 _aКаменноугольные отложения
_yДонецкий угольный бассейн
_2psbo
710 1 2 _aМеждународный конгресс по стратиграфии и геологии карбона
_d8
_f1975
_eМосква
_3RU\NLR\AUTH\886284
_9284366
801 0 _aRU
_bNLR
_gpsbo
801 1 _aRU
_bELAR
_2rusmarc
852 _aNLR
_j75-5/983
942 _cBOOK
980 _aNB